<tr>>BUILDING IN LAGOS | >tr>
<tr>
</tr>
<tr>
<tr>
<td>
</tr>
<tr>
>m class="correct_response">Viola Davis>r /> >able width="100%">>d class="right">Juveria>tr> | >td>
</tr>
able>
|
<tr>
<td>
</tr>
<tr>
(Michael: What is oil?) >r />m class="correct_response">sugar>r /> >able width="100%">>d class="right">Andy>d class="wrong">Michael!>tr> | >td>
</tr>
able>
|
<tr>
<td>
</tr>
<tr>
>m class="correct_response">van Gogh>r /> >able width="100%">>d class="right">Michael!>tr> | >td>
</tr>
able>
|
<tr>
<td>
</tr>
<tr>
>m class="correct_response">a Caesarean section>r /> >able width="100%">>d class="right">Juveria>tr> | >td>
</tr>
able>
|
<tr>
<td>
</tr>
<tr>
>m class="correct_response">a jigsaw puzzle>r /> >able width="100%">>d class="right">Andy>tr> | >td>
</tr>
able>
|
<tr>
<td>
</tr>
<tr>
>m class="correct_response">a museum>r /> >able width="100%">>d class="right">Michael!>tr> | >td>
</tr>
able>
|
</tr>
<tr>
<tr>
<td>
</tr>
<tr>
>m class="correct_response">>Goodfellas>r /> >able width="100%">>d class="right">Juveria>tr> | >td>
</tr>
able>
|
<tr>
<td>
</tr>
<tr>
>m class="correct_response">East India Company>r /> >able width="100%">>d class="right">Juveria>tr> | >td>
</tr>
able>
|
<tr>
<td>
</tr>
<tr>
>m class="correct_response">Whistler>r /> >able width="100%">>d class="right">Andy>tr> | >td>
</tr>
able>
|
<tr>
<td>
</tr>
<tr>
>m class="correct_response">grafting>r /> >able width="100%">>d class="right">Juveria>tr> | >td>
</tr>
able>
|
<tr>
<td>
</tr>
<tr>
>m class="correct_response">dice>r /> >able width="100%">>d class="right">Michael!>tr> | >td>
</tr>
able>
|
<tr>
<td>
</tr>
<tr>
>m class="correct_response">telecom>r /> >able width="100%">>d class="right">Michael!>tr> | >td>
</tr>
able>
|
</tr>
<tr>
<tr>
<td>
</tr>
<tr>
>m class="correct_response">Michael Cera>r /> >able width="100%">>d class="right">Juveria>tr> | >td>
</tr>
able>
|
<tr>
<td>
</tr>
<tr>
>m class="correct_response">Fulton>r /> >able width="100%">>d class="right">Juveria>tr> | >td>
</tr>
able>
|
<tr>
<td>
</tr>
<tr>
>m class="correct_response">Rembrandt>r /> >able width="100%">>d class="right">Andy>tr> | >td>
</tr>
able>
|
<tr>
<td>
</tr>
<tr>
>m class="correct_response">a scalpel>r /> >able width="100%">>d class="right">Michael!>tr> | >td>
</tr>
able>
|
<tr>
<td>
</tr>
<tr>
>m class="correct_response">sandcastles>r /> >able width="100%">>d class="right">Michael!>tr> | >td>
</tr>
able>
|
<tr>
<td>
</tr>
<tr>
>m class="correct_response">striker>r /> >able width="100%">>d class="right">Andy>tr> | >td>
</tr>
able>
|
</tr>
<tr>
<tr>
<td>
</tr>
<tr>
>m class="correct_response">Priscilla Presley>r /> >able width="100%">>d class="right">Michael!>tr> | >td>
</tr>
able>
|
<tr>
<td>
</tr>
<tr>
>m class="correct_response">the Hanseatic League>r /> >able width="100%">>d class="right">Juveria>tr> | >td>
</tr>
able>
|
<tr>
<td>
</tr>
<tr>
>m class="correct_response">Georgia O'Keeffe>r /> >able width="100%">>d class="right">Juveria>tr> | >td>
</tr>
able>
|
<tr>
<td>
</tr>
<tr>
>m class="correct_response">a lumpectomy>r /> >able width="100%">>d class="right">Juveria>tr> | >td>
</tr>
able>
|
<tr>
<td>
</tr>
<tr>
>m class="correct_response">a roller coaster>r /> >able width="100%">>d class="right">Michael!>tr> | >td>
</tr>
able>
|
<tr>
<td>
</tr>
<tr>
>m class="correct_response">Nigerian Pidgin English>r />r />able>>d class="wrong">Triple Stumper>tr> | >td>
</tr>
able>
|
</tr>
<tr>
<tr>
<td>
</tr>
<tr>
>m class="correct_response">>Guess Who's Coming to Dinner>r /> >able width="100%">>d class="right">Andy>tr> | >td>
</tr>
able>
|
<tr>
<td>
</tr>
<tr>
(Andy: What is Wells Fargo?) >r />m class="correct_response">Western Union>r /> >able width="100%">>d class="right">Juveria>d class="wrong">Andy>tr> | >td>
</tr>
able>
|
<tr>
<td>
</tr>
<tr>
>m class="correct_response">Hogarth>r /> >able width="100%">>d class="right">Juveria>tr> | >td>
</tr>
able>
|
<tr>
<td>
</tr>
<tr>
(Juveria: What is a... cyst?) >r />m class="correct_response">the gallbladder>r /> >able width="100%">>d class="wrong">Juveria>tr> | >td>
</tr>
able>
|
<tr>
<td>
</tr>
<tr>
>(Andy: What is a ladder?) (Ken: More specifically?) >(Andy: Corporate ladder?) (Michael: What is the political ladder?) >r />the ladder of success>r /> >able width="100%">>d class="wrong">Andy>d class="wrong">Michael!>tr> | >able>>d class="wrong">Triple Stumper>tr> |
>td>